000 00275nam a2200097Ia 4500
008 240331s9999 xx 000 0 und d
082 _bKIN
100 _aKing, J
245 3 _aAn activist's manual on the International covenant on economic, social and cultural rights
942 _cL
999 _c2404
_d2404